[Event "Lugano op"]
[Site "Lugano"]
[Date "1989.03.04"]
[Round "2"]
[White "Wirthensohn, Heinz"]
[Black "Kortschnoj, Viktor Lvovich"]
[Result "0-1"]
[WhiteElo "2395"]
[BlackElo "2610"]
[PlyCount "100"]
[EventDate "1989.03.03"]
[EventType "swiss"]
[EventRounds "9"]
[EventCountry "SUI"]
[SourceTitle "TD"]
[Source "ChessBase"]
[SourceDate "1994.03.01"]
[SourceVersion "1"]
[SourceVersionDate "1994.03.01"]
[SourceQuality "1"]

1. Nf3 d6 2. d4 Bg4 3. e3 e6 4. c4 Nd7 5. Be2 Ngf6 6. Nc3 Be7 7. O-O O-O 8. e4
e5 9. Be3 c6 10. d5 cxd5 11. cxd5 Bxf3 12. Bxf3 Qb8 13. a4 Rc8 14. Qb1 Bd8 15.
Rc1 Bb6 16. Bxb6 Nxb6 17. b3 a6 18. a5 Nbd7 19. b4 Qa7 20. Ne2 b6 21. Rc6 bxa5
22. Qc2 Qb7 23. Rxa5 Nf8 24. Ra1 Rab8 25. Ng3 g6 26. Qc1 Ne6 27. Be2 Rxc6 28.
dxc6 Qxb4 29. Bxa6 Qd4 30. Rb1 Rxb1 31. Qxb1 Kg7 32. Qc1 Qb6 33. Be2 h6 34. h4
Nc5 35. h5 Qxc6 36. hxg6 fxg6 37. f3 Qb6 38. Kh2 Ne6 39. Qc8 Nf4 40. Bf1 h5 41.
Ne2 Qa7 42. Nxf4 exf4 43. Bc4 Qd4 44. Qc7+ Kh6 45. Qf7 Kg5 46. Be6 Qe5 47. Kh3
Qa1 48. Kh2 Qb2 49. Kh3 Ng4 50. Bxg4 hxg4+ 0-1

[Event "Lugano op"]
[Site "Lugano"]
[Date "1989.03.09"]
[Round "7"]
[White "De Firmian, Nick E"]
[Black "Kortschnoj, Viktor Lvovich"]
[Result "0-1"]
[WhiteElo "2570"]
[BlackElo "2610"]
[PlyCount "68"]
[EventDate "1989.03.03"]
[EventType "swiss"]
[EventRounds "9"]
[EventCountry "SUI"]
[SourceTitle "TD"]
[Source "ChessBase"]
[SourceDate "1994.03.01"]
[SourceVersion "1"]
[SourceVersionDate "1994.03.01"]
[SourceQuality "1"]

1. e4 c6 2. d4 d5 3. Nc3 dxe4 4. Nxe4 Bf5 5. Ng3 Bg6 6. h4 h6 7. Nf3 Nd7 8. h5
Bh7 9. Bd3 Bxd3 10. Qxd3 Ngf6 11. Bf4 e6 12. O-O-O Be7 {All this is quite well
known as it was played many times in important tournaments and matches,most
recently by Karpov.} 13. Ne5 O-O {That looks quite risky but Black has a clear
idea in mind.} 14. Ne4 Nxe4 15. Qxe4 Nxe5 16. Bxe5 Qd5 $1 {At the right time.
Black's Queen takes the best position.Now after 17.Qxd5- cxd5 the game is
about even.} 17. Qg4 $5 f6 18. Bf4 Qxa2 $1 {Black's counterattack on the
Queen's side will be extremely quick.} 19. Bxh6 Rf7 20. c3 a5 21. Bd2 a4 22.
Kc2 {That's quite sad but White's King is not safe at all} Qb3+ 23. Kd3 Rd8 24.
Ke2 e5 25. dxe5 Qb5+ 26. Ke1 Qxe5+ 27. Be3 Rxd1+ 28. Kxd1 Qd5+ 29. Ke2 f5 $1 {
The final attack.} 30. Qg6 f4 31. Bc1 Bc5 32. Qd3 Qxg2 $1 {Decisive. Here
white could resign.} 33. Rf1 Qg4+ 34. Kd2 Rd7 {The White Queen is trapped
right in the middle of the board. White resigned. It's quite rare for White to
lose like that in a Caro-Kann. Notes by GM Florin Gheorghiu} 0-1

[Event "Clermont Ferrand"]
[Site "Clermont Ferrand"]
[Date "1989.??.??"]
[Round "?"]
[White "Kortschnoj, Viktor Lvovich"]
[Black "Spassky, Boris Vasilievich"]
[Result "1-0"]
[WhiteElo "2655"]
[BlackElo "2580"]
[PlyCount "123"]
[EventDate "1989.07.??"]
[EventType "tourn"]
[EventRounds "11"]
[EventCountry "FRA"]
[EventCategory "14"]
[SourceTitle "CBM 014"]
[Source "ChessBase"]
[SourceDate "1990.02.01"]
[SourceVersion "1"]
[SourceVersionDate "1990.02.01"]
[SourceQuality "1"]

1. d4 Nf6 2. c4 e6 3. Nc3 d5 4. Bg5 Be7 5. e3 h6 6. Bh4 O-O 7. Rc1 b6 8. cxd5
Nxd5 9. Nxd5 exd5 10. Bxe7 Qxe7 11. Bd3 c5 12. Ne2 Nd7 13. O-O Bb7 14. Qa4 Nf6
15. dxc5 bxc5 16. Qa3 Rfc8 17. Rc3 Ne4 18. Bxe4 Qxe4 19. Ng3 Qe5 20. Rxc5 Rxc5
21. Qxc5 Qxb2 22. Nf5 Ba6 23. Qc6 Bb7 24. Qd6 Kh7 25. h4 a5 26. Qd7 Rf8 27. Rd1
Ba8 28. Rd4 Qxa2 29. h5 Bc6 30. Qe7 Qb1+ 31. Kh2 Qxf5 32. Qxf8 Qxh5+ 33. Kg1 a4
34. Qc5 Qg6 35. f3 Qe6 36. Kf2 Qf6 37. Qa7 Qe6 38. Qa6 Be8 39. Qd3+ Qg6 40.
Rxd5 Qxd3 41. Rxd3 Bb5 42. Rd5 Bc4 43. Ra5 Bb3 44. e4 g6 45. f4 h5 46. Kg3 Bc2
47. e5 Kg7 48. Kh4 Be4 49. g3 Kh6 50. Rxa4 Bf5 51. Ra7 Be6 52. Rc7 Bb3 53. f5
gxf5 54. Rc8 Be6 55. Rd8 Kg6 56. Rg8+ Kh7 57. Rg5 Kh6 58. Rxh5+ Kg6 59. Rh8 Kg7
60. Re8 Kg6 61. Kh3 Bd5 62. Rg8+ 1-0

[Event "Clermont Ferrand"]
[Site "Clermont Ferrand"]
[Date "1989.??.??"]
[Round "?"]
[White "Nogueiras Santiago, Jesus"]
[Black "Kortschnoj, Viktor Lvovich"]
[Result "0-1"]
[WhiteElo "2560"]
[BlackElo "2655"]
[PlyCount "92"]
[EventDate "1989.07.??"]
[EventType "tourn"]
[EventRounds "11"]
[EventCountry "FRA"]
[EventCategory "14"]
[SourceTitle "CBM 014"]
[Source "ChessBase"]
[SourceDate "1990.02.01"]
[SourceVersion "1"]
[SourceVersionDate "1990.02.01"]
[SourceQuality "1"]

1. d4 Nf6 2. c4 e6 3. g3 d5 4. Bg2 dxc4 5. Qa4+ Bd7 6. Qxc4 Bc6 7. Nf3 Bd5 8.
Qd3 c5 9. Nc3 Bc6 10. O-O cxd4 11. Nxd4 Bxg2 12. Kxg2 Nbd7 13. Rd1 Be7 14. e4
O-O 15. Qe2 Qa5 16. Bf4 Bb4 17. Nb3 Qb6 18. Rac1 Bxc3 19. Rxc3 e5 20. Be3 Qb4
21. f3 Rfc8 22. Rdc1 Rxc3 23. Rxc3 Qa4 24. a3 h6 25. Qc4 Qxc4 26. Rxc4 b6 27.
Nd2 Ne8 28. Nb1 Kf8 29. Nc3 Ke7 30. Rc6 Kd8 31. Nb5 Nc5 32. Bxc5 Kd7 33. Nxa7
bxc5 34. Ra6 Nc7 35. Ra5 c4 36. a4 Rb8 37. Nb5 Nxb5 38. axb5 Kd6 39. Kf2 Kc5
40. Ra7 Rxb5 41. Rxf7 Rxb2+ 42. Ke3 g5 43. Rf5 Rb3+ 44. Kd2 Kd4 45. f4 exf4 46.
gxf4 Kxe4 0-1

[Event "World Cup"]
[Site "Skelleftea"]
[Date "1989.08.??"]
[Round "9"]
[White "Nikolic, Predrag"]
[Black "Kortschnoj, Viktor Lvovich"]
[Result "0-1"]
[WhiteElo "2600"]
[BlackElo "2655"]
[Annotator "Bulletin"]
[PlyCount "68"]
[EventDate "1989.08.??"]
[EventType "tourn"]
[EventRounds "15"]
[EventCountry "SWE"]
[EventCategory "16"]
[SourceTitle "CBM 014"]
[Source "ChessBase"]
[SourceDate "1990.02.01"]
[SourceVersion "1"]
[SourceVersionDate "1990.02.01"]
[SourceQuality "1"]

1. d4 Nf6 2. c4 e6 3. Nf3 d5 4. Nc3 c6 5. Bg5 h6 6. Bxf6 Qxf6 7. e3 Nd7 8. Bd3
Bb4 9. O-O O-O 10. e4 {'!' Bulletin.} dxc4 11. e5 Qd8 12. Bxc4 b6 13. Ne4 {
'!' Bulletin.} Bb7 14. Qe2 Re8 15. Rfd1 Nf8 16. a3 Be7 17. h4 {'!' Bulletin.}
Rc8 18. Nh2 Rc7 19. Ng4 Rd7 (19... Bxh4 $2 20. Nd6 Ree7 21. g3 Bg5 22. f4 $18)
20. Nef6+ {'!?' Bulletin.} gxf6 21. Nxh6+ {'?' Bulletin. Bulletin: 'Thomas
Ernst in 'Sonntagszeitung Zürich'.'} (21. Rd3 $1 {Thomas Ernst publizierte in
der Sonntagszeitung Zürich die folgende Analyse.} fxe5 (21... Ng6 22. Nxh6+ Kg7
23. Nxf7 $1 Kxf7 24. Bxe6+ Kxe6 25. Qg4+ Kd5 26. Qxg6 Bf8 27. Re1 $18) (21...
Kg7 22. Qd2 Nh7 23. Nxh6 $1 Rf8 24. Rg3+ Kh8 25. Rg8+ Rxg8 26. Nxf7+ Kg7 27.
Bxe6 $18) (21... Rxd4 22. Rad1 fxe5 23. Qxe5 Rxg4 (23... c5 24. Rxd4 cxd4 25.
Nxh6+ Kh7 26. Nxf7 $18) 24. Rxd8 Rxd8 25. Rxd8 Bxd8 26. Be2 Rg6 27. Qb8 $18) (
21... f5 22. Nxh6+ Kg7 23. Nxf7 $1 Kxf7 24. Qh5+ Ng6 25. Qh7+ Kf8 26. Bxe6 $18)
22. Nxh6+ Kg7 23. Nxf7 Kxf7 24. Qh5+ Ng6 25. Qh7+ Kf6 (25... Kf8 26. Bxe6 Bf6
27. Qg8+ Ke7 28. Qf7+ Kd6 29. dxe5+ $18) 26. Rf3+ Nf4 27. Qh6+ Kf5 28. Bd3+ e4
29. Rxf4#) 21... Kg7 22. Qh5 Ng6 23. Nxf7 Nf4 {'!' Bulletin.} (23... Kxf7 24.
Qh7+ Kf8 25. Bxe6 $18) 24. Qh6+ Kxf7 25. Qh7+ Kf8 26. Rd3 fxe5 27. Qh6+ Kf7 28.
Bxe6+ {Bulletin: '28.Qh7+= Dauerschach'} Nxe6 29. Rf3+ Bf6 30. dxe5 Rh8 31.
Rxf6+ Kg8 32. Qg6+ Rg7 33. Qf5 Nd4 34. Rd1 Ne2+ 0-1

[Event "Interpolis"]
[Site "Tilburg"]
[Date "1989.09.15"]
[Round "1"]
[White "Kortschnoj, Viktor Lvovich"]
[Black "Hjartarson, Johann"]
[Result "1-0"]
[WhiteElo "2655"]
[BlackElo "2555"]
[PlyCount "67"]
[EventDate "1989.09.15"]
[EventType "tourn"]
[EventRounds "14"]
[EventCountry "NED"]
[EventCategory "15"]
[SourceTitle "CBM 015"]
[Source "ChessBase"]
[SourceDate "1990.04.01"]
[SourceVersion "1"]
[SourceVersionDate "1990.04.01"]
[SourceQuality "1"]

1. c4 c5 2. Nf3 Nf6 3. Nc3 e6 4. d4 cxd4 5. Nxd4 Bb4 6. Ndb5 O-O 7. a3 Bxc3+ 8.
Nxc3 d5 9. Bg5 Nc6 10. e3 d4 11. exd4 Qxd4 12. Qxd4 Nxd4 13. Bd3 e5 14. O-O h6
15. Bxf6 gxf6 16. f4 Be6 17. Rae1 Rfd8 18. fxe5 Nc6 19. Be4 fxe5 20. Bd5 Re8
21. Re3 Rad8 22. Ne4 Rf8 23. Rg3+ Kh7 24. Bxe6 fxe6 25. Rxf8 Rxf8 26. Rf3 Rf4
27. Re3 b6 28. g3 Rf8 29. c5 bxc5 30. Nxc5 Rb8 31. b4 Nd4 32. Nd7 Rb5 33. Kg2
Rd5 34. Nf6+ 1-0

[Event "WchT 2nd"]
[Site "Luzern"]
[Date "1989.??.??"]
[Round "9.1"]
[White "Hamdouchi, Hicham"]
[Black "Kortschnoj, Viktor Lvovich"]
[Result "0-1"]
[WhiteElo "2385"]
[BlackElo "2655"]
[Annotator "Horn,Pe"]
[PlyCount "118"]
[EventDate "1989.10.27"]
[EventType "team-tourn"]
[EventRounds "9"]
[EventCountry "SUI"]
[SourceTitle "CBM 016"]
[Source "ChessBase"]
[SourceDate "1990.06.01"]
[SourceVersion "1"]
[SourceVersionDate "1990.06.01"]
[SourceQuality "1"]
[WhiteTeam "Africa"]
[BlackTeam "Switzerland"]
[BlackTeamCountry "SUI"]

1. Nf3 c5 2. g3 d5 3. Bg2 Nc6 4. O-O e5 5. d3 Be7 (5... Nf6 6. Bg5 $5) 6. e4
Nf6 (6... dxe4 7. dxe4 Qxd1 8. Rxd1 Bg4 9. c3 $14 {><d5; Larsen-Kraidman,
Manila 74}) 7. Nc3 (7. Nbd2 O-O (7... d4 8. Nc4 Qc7 9. a4 O-O 10. Nh4 $16 {
Najdorf-Kraidman, Netanya 75}) 8. Re1 dxe4 9. dxe4 Qc7 10. c3 b6 11. Qe2 a5 12.
a4 Ba6 13. Nc4 $14 {Fischer-Seidmann, Rosenwald-Turnier 66}) 7... d4 8. Ne2 Nd7
9. c4 h5 10. Ne1 h4 (10... g5 11. f4 f6) 11. f4 hxg3 12. Nxg3 g6 13. f5 Nf8 (
13... g5 14. Nh5 f6 15. Ng7+ Kf7 16. Ne6 Qg8 17. Bf3 Qh7 18. Rf2) 14. Nf3 g5
15. h3 f6 16. Kf2 a6 17. Rh1 b5 18. h4 gxh4 19. Nxh4 bxc4 20. dxc4 Kd7 21. Ng6
Rg8 22. Rh6 Kc7 23. Bd2 Rb8 24. b3 Kb6 25. Nxe7 Qxe7 26. Qf3 a5 27. Nh5 Nd7 28.
Rg6 (28. Rg1 $5) 28... Bb7 29. Rg1 Rxg6 30. fxg6 f5 31. Qg3 (31. exf5 Nb4 32.
Qg4 e4) 31... f4 32. Qg4 Nf6 33. Nxf6 Qxf6 34. g7 Rg8 35. Bf3 (35. Bf1 $5)
35... d3 36. Bc3 Bc8 37. Qg5 Qd6 38. Qg6 (38. Rd1 $5) 38... Qd8 39. Ke1 $6 (39.
Bxe5 $2 Qh4+ 40. Kf1 Bh3+ 41. Bg2 d2 42. Ke2 Bxg2) (39. Qh6) (39. Rh1 $5 d2 40.
Ke2) 39... Qh4+ 40. Kd1 Qf2 41. Qg2 $8 Qe3 42. Rf1 (42. Re1 $5 Rxg7 43. Qxg7 (
43. Qh1 $4 Qf2) (43. Qf1 Qxf3+ 44. Qxf3 Bg4) 43... Qxf3+ 44. Kd2 Bg4) 42... d2
$1 43. Qxd2 (43. Bxd2 Qd3 44. Ke1 Nd4 45. Bd1 Bh3) 43... Qxd2+ 44. Kxd2 Rxg7
$17 45. Rf2 Nd4 46. Bd1 (46. Bxd4 cxd4 47. Rg2) 46... Bb7 47. Bc2 Rg3 48. Bxd4
cxd4 49. Bd3 Bc8 50. Rh2 Bh3 51. Rf2 Kc5 52. a3 Bg2 53. Kc2 Bf3 54. Kd2 Bd1 55.
Rh2 Bxb3 56. Rh8 Rg2+ 57. Ke1 Bc2 58. Bxc2 Rxc2 59. Re8 d3 0-1

[Event "EU-chT (Men) 09th"]
[Site "Haifa"]
[Date "1989.??.??"]
[Round "9.1"]
[White "Kortschnoj, Viktor Lvovich"]
[Black "Rivas Pastor, Manuel"]
[Result "1-0"]
[WhiteElo "2655"]
[BlackElo "2525"]
[PlyCount "50"]
[EventDate "1989.11.23"]
[EventType "team-swiss"]
[EventRounds "9"]
[EventCountry "ISR"]
[SourceTitle "EU-chT"]
[Source "ChessBase"]
[SourceDate "1999.07.01"]
[SourceVersion "2"]
[SourceVersionDate "1999.07.01"]
[SourceQuality "1"]
[WhiteTeam "Switzerland"]
[BlackTeam "Spain"]
[WhiteTeamCountry "SUI"]
[BlackTeamCountry "ESP"]

1. c4 f5 2. d4 Nf6 3. Nc3 e6 4. e3 Bb4 5. Bd2 O-O 6. Bd3 b6 7. Qc2 Bb7 8. f3 c5
9. a3 Bxc3 10. Bxc3 Nc6 11. Ne2 d5 12. b3 Ne4 13. cxd5 Qh4+ 14. g3 Nxg3 15.
Nxg3 exd5 16. O-O cxd4 17. exd4 Nxd4 18. Qb2 f4 19. Bxd4 fxg3 20. hxg3 Qxg3+
21. Qg2 Qxg2+ 22. Kxg2 Rf4 23. Be3 Rf7 24. Kg3 g5 25. Rh1 Re8 1-0

[Event "FRG Cup"]
[Site "Cologne"]
[Date "1990.??.??"]
[Round "?"]
[White "Kortschnoj, Viktor Lvovich"]
[Black "Jussupow, Artur"]
[Result "1-0"]
[WhiteElo "2625"]
[BlackElo "2615"]
[PlyCount "35"]
[EventDate "1990.??.??"]
[EventType "team"]
[EventRounds "5"]
[EventCountry "GER"]
[SourceTitle "EXT 2000"]
[Source "ChessBase"]
[SourceDate "1999.11.16"]
[SourceVersion "1"]
[SourceVersionDate "1999.11.16"]
[SourceQuality "1"]

1. c4 e6 2. Nc3 Nf6 3. e4 d5 4. e5 d4 5. exf6 dxc3 6. bxc3 Qxf6 7. Nf3 e5 8.
Bd3 Bd6 9. O-O O-O 10. Be4 c6 11. d4 Bf5 12. Bg5 Qe6 13. d5 Qc8 14. Bxf5 Qxf5
15. dxc6 Nxc6 16. Qxd6 e4 17. Qd5 Qg6 18. Nh4 1-0

[Event "Franconville"]
[Site "Franconville"]
[Date "1990.??.??"]
[Round "6"]
[White "Kortschnoj, Viktor Lvovich"]
[Black "Lalic, Bogdan"]
[Result "1-0"]
[WhiteElo "2625"]
[BlackElo "2480"]
[PlyCount "83"]
[EventDate "1990.??.??"]
[EventType "tourn (rapid)"]
[EventRounds "9"]
[EventCountry "FRA"]
[SourceTitle "EXT 2007"]
[Source "ChessBase"]
[SourceDate "2006.11.23"]
[SourceVersion "1"]
[SourceVersionDate "2006.11.23"]
[SourceQuality "1"]

1. Nf3 Nf6 2. c4 g6 3. Nc3 d5 4. cxd5 Nxd5 5. Qa4+ Bd7 6. Qb3 Nb6 7. Ng5 e6 8.
d4 Bg7 9. Nf3 Nc6 10. e3 O-O 11. Be2 Qe7 12. O-O e5 13. d5 Na5 14. Qc2 c6 15.
d6 Qxd6 16. Ne4 Bf5 17. Nxd6 Bxc2 18. b4 Rfd8 19. bxa5 Rxd6 20. axb6 axb6 21.
Bb2 e4 22. Nd4 c5 23. Nxc2 Bxb2 24. Rab1 Be5 25. Bc4 Rd2 26. Rfc1 Bc7 27. g3
Rad8 28. Na3 Kg7 29. Kf1 Be5 30. Rc2 Rxc2 31. Nxc2 Rd2 32. Na3 Bc7 33. Ke1 Rd8
34. Nb5 Be5 35. Rd1 Rxd1+ 36. Kxd1 g5 37. Bd5 f5 38. Bxb7 h5 39. Ke2 Kf6 40. h3
h4 41. g4 fxg4 42. hxg4 1-0

[Event "Franconville"]
[Site "Franconville"]
[Date "1990.??.??"]
[Round "9"]
[White "Kortschnoj, Viktor Lvovich"]
[Black "Komljenovic, Davorin"]
[Result "1-0"]
[WhiteElo "2625"]
[BlackElo "2470"]
[PlyCount "63"]
[EventDate "1990.??.??"]
[EventType "tourn (rapid)"]
[EventRounds "9"]
[EventCountry "FRA"]
[SourceTitle "EXT 2007"]
[Source "ChessBase"]
[SourceDate "2006.11.23"]
[SourceVersion "1"]
[SourceVersionDate "2006.11.23"]
[SourceQuality "1"]

1. Nf3 c5 2. c4 e6 3. g3 b6 4. Bg2 Bb7 5. O-O Nf6 6. b3 Be7 7. d4 cxd4 8. Qxd4
O-O 9. Rd1 Nc6 10. Qf4 d5 11. Nc3 Bb4 12. Bb2 Qe7 13. Nxd5 exd5 14. cxd5 Bd6
15. Bxf6 Bxf4 16. Bxe7 Nxe7 17. gxf4 Nxd5 18. Nh4 Rad8 19. Rd4 Rd7 20. Rad1
Rfd8 21. Nf5 Kf8 22. Ne3 Nxe3 23. Rxd7 Rxd7 24. Rxd7 Nxg2 25. Rxb7 Nxf4 26. Kf1
Nd5 27. Rxa7 Ke8 28. a4 h5 29. Rb7 g6 30. b4 Nxb4 31. Rxb6 Nd5 32. Rb7 1-0

[Event "Val Maubuee op"]
[Site "Val Maubuee"]
[Date "1990.??.??"]
[Round "?"]
[White "Kupreichik, Viktor D"]
[Black "Kortschnoj, Viktor Lvovich"]
[Result "0-1"]
[WhiteElo "2490"]
[BlackElo "2625"]
[PlyCount "124"]
[EventDate "1990.??.??"]
[EventType "swiss"]
[EventRounds "9"]
[EventCountry "FRA"]
[SourceTitle "EXT 1997"]
[Source "ChessBase"]
[SourceDate "1996.11.15"]
[SourceVersion "1"]
[SourceVersionDate "1996.11.15"]
[SourceQuality "1"]

1. e4 c6 2. Nc3 d5 3. d4 dxe4 4. Nxe4 Bf5 5. Ng3 Bg6 6. h4 h6 7. Nh3 e6 8. Nf4
Bh7 9. c3 Nf6 10. Bd3 Bd6 11. Ngh5 Bxf4 12. Nxf4 Bxd3 13. Nxd3 Qd5 14. f3 Nbd7
15. Bf4 O-O 16. Qb3 Rfe8 17. O-O-O a5 18. Rhe1 a4 19. Qa3 Qc4 20. Kb1 Nd5 21.
Bd6 f6 22. Re4 Qb5 23. Kc2 N7b6 24. Qc5 Nc4 25. Rde1 Kf7 26. Qxb5 cxb5 27. Bb4
g5 28. hxg5 hxg5 29. R4e2 b6 30. Kb1 Rac8 31. b3 Na5 32. Kb2 Nc6 33. Ba3 axb3
34. axb3 Ra8 35. Ra1 Red8 36. Ree1 b4 37. Bxb4 Rxa1 38. Rxa1 Ndxb4 39. cxb4
Nxd4 40. Ra7+ Kg6 41. Rb7 Nf5 42. Kc3 Ne3 43. g4 Nd5+ 44. Kc2 Rc8+ 45. Kd2 Rc3
46. Ra7 Rxb3 47. Kc2 Rc3+ 48. Kd2 Rc4 49. Rb7 Rd4 50. Ke2 Nxb4 51. Nxb4 Rxb4
52. Re7 Rb5 53. Kd3 Rd5+ 54. Ke4 b5 55. Ke3 Re5+ 56. Kd4 Re1 57. Rb7 Rb1 58.
Rb6 Rb3 59. Ke4 Kf7 60. Rb7+ Ke8 61. Ra7 Rb4+ 62. Ke3 Rf4 0-1

[Event "Hoogovens"]
[Site "Wijk aan Zee"]
[Date "1990.01.??"]
[Round "3"]
[White "Piket, Jeroen"]
[Black "Kortschnoj, Viktor Lvovich"]
[Result "0-1"]
[WhiteElo "2495"]
[BlackElo "2625"]
[Annotator "Ftacnik,L"]
[PlyCount "92"]
[EventDate "1990.01.??"]
[EventType "tourn"]
[EventRounds "13"]
[EventCountry "NED"]
[EventCategory "13"]
[SourceTitle "CBM 017"]
[Source "ChessBase"]
[SourceDate "1990.08.01"]
[SourceVersion "1"]
[SourceVersionDate "1990.08.01"]
[SourceQuality "1"]

1. d4 {Anand} Nf6 2. Nf3 g6 3. c4 Bg7 4. Nc3 d5 5. cxd5 Nxd5 6. e4 Nxc3 7. bxc3
c5 8. Be3 Qa5 9. Qd2 O-O 10. Rc1 e6 (10... cxd4 11. cxd4 Qxd2+ 12. Nxd2 Nc6 $13
) 11. d5 $6 exd5 12. exd5 Re8 {N} (12... Bf5 13. Be2 c4 14. O-O Nd7) (12... Nd7
13. c4 Qxd2+ 14. Nxd2 Re8 15. Be2 Ne5 16. Nf3 b6 $10 {Franke,H-Mikhalchishin,A/
Budapest/1988/} 17. Nxe5) 13. Be2 (13. c4 $5) 13... Bf5 14. O-O Nd7 15. Qb2 $6
(15. c4) 15... Nf6 16. Bc4 Qb6 $15 17. Qa3 Bf8 18. Rcd1 Bd6 19. h3 a6 20. Bh6
Qc7 21. Qc1 Qd7 22. Bf4 Be4 23. Ng5 b5 24. Bxd6 Qxd6 25. Nxe4 Nxe4 26. Bd3 c4
$1 27. Bxe4 Rxe4 $17 28. Qd2 Rae8 29. a3 h5 (29... Qxa3 $6 30. d6 $132) 30. Kh1
Kg7 31. f4 f6 32. Qf2 Re2 33. Qa7+ R8e7 34. Qd4 h4 35. Rf2 R2e4 36. Qd2 Kh7 37.
Rff1 Re3 38. Qf2 Rxc3 39. Qxh4+ Kg7 40. f5 Qg3 41. Qxg3 Rxg3 42. d6 Rd7 43.
fxg6 Rxa3 44. Rfe1 Rd3 45. Rxd3 cxd3 46. Re7+ Kxg6 $1 {Ftacnik,L} (46... Kxg6
47. Rxd7 d2 $19) 0-1

[Event "Hoogovens"]
[Site "Wijk aan Zee"]
[Date "1990.01.??"]
[Round "6"]
[White "Kortschnoj, Viktor Lvovich"]
[Black "Nunn, John DM"]
[Result "1-0"]
[WhiteElo "2625"]
[BlackElo "2600"]
[Annotator "Knaak,R"]
[PlyCount "85"]
[EventDate "1990.01.??"]
[EventType "tourn"]
[EventRounds "13"]
[EventCountry "NED"]
[EventCategory "13"]
[SourceTitle "CBM 017"]
[Source "ChessBase"]
[SourceDate "1990.08.01"]
[SourceVersion "1"]
[SourceVersionDate "1990.08.01"]
[SourceQuality "1"]

1. d4 {Anand} Nf6 2. c4 g6 3. Nc3 Bg7 4. e4 d6 5. Be2 O-O 6. Nf3 e5 7. Be3 h6
8. O-O Ng4 9. Bc1 Nc6 10. d5 Ne7 11. Ne1 (11. Nd2 {Anand} f5 12. Bxg4 fxg4 13.
b4 {Kasparov-Nunn Reykjavik 1988}) 11... f5 12. Bxg4 fxg4 13. Be3 $5 {N} (13.
Nc2 {Anand} g5 14. Ne3 Rf4 15. Bd2 Bd7 16. b4 Ng6 (16... Qf8 {Kasparov-Nunn
Skelleftea 1989}) 17. Rc1 Nh4 18. Kh1 Qe8 19. f3 gxf3 20. g3 Qh5 $1 $40 {
Portisch-Nunn Skelleftea 1989. Nunn clearly has a lot of experience in this
line.}) 13... b6 $6 {Interessant ist Nunns Besprechung des Stellungstyps in
CBM9 S.83. Dort gibt er die Variante 13.Sd3 g5 14.c5 c6! an, aber das ist nach
der Neuerung 13.Le3 nicht möglich. 13...b6 ist eine Schwächung des
Damenflügels.} (13... g5 14. c5 Ng6 15. Rc1 $14) (13... c5 $14) 14. Nd3 g5 15.
b4 $16 Ng6 16. a4 Nf4 17. a5 Rb8 (17... Ba6 $5 {Anand}) 18. Nb5 Ba6 (18... Rb7
{Anand} 19. a6) (18... a6 {Anand} 19. Na7 $16) 19. axb6 Bxb5 20. Rxa7 (20. bxa7
{Anand} Bxc4 21. axb8=Q Qxb8 $15) (20. bxc7 {Anand} Qxc7 21. cxb5 Qc4 $132)
20... Bxc4 21. bxc7 Qf6 22. cxb8=Q Rxb8 23. Bxf4 exf4 24. Ra3 g3 25. hxg3 fxg3
26. fxg3 Qd4+ 27. Kh2 Qxe4 28. Qf3 Bxd5 29. Qxe4 Bxe4 30. Rd1 Rb6 31. Ra7 Rb7
32. Rxb7 Bxb7 33. b5 Bc3 34. Nc5 dxc5 35. Rd8+ Kf7 36. Rd7+ Ke6 37. Rxb7 Kd5
38. Rd7+ Ke6 39. Rh7 c4 40. Rxh6+ Kd5 41. b6 Be5 42. b7 c3 43. Rh8 1-0